Las aventuras de Tom Sawyer / (Registro nro. 7516)

Detalles MARC
000 -LIDER
fixed length control field 00841nam a2200277 a 4500
001 - NÚMERO DE CONTROL
Identificador de número de control 00002356
003 - IDENTIFICACDOR DE NÚMERO DE CONTROL
control field DO-SdBNP
005 - DATE AND TIME OF LATEST TRANSACTION
control field 20180117110258.0
007 - CAMPOS FIJOS DE DESCRIPCIÓN FÍSICA
fixed length control field 00002356
008 - ELEMENTOS DE LONGITUD FIJA
fixed length control field 090819s1999 000 spa d
020 ## - ISBN
International Standard Book Number 8481301493
040 ## - FUENTE DE CATALOGACIÓN
Agencia que crea de manera original el registro BPMET
Idioma de catalogación spa
Agencia que realiza la transcripción BPMET
100 ## - ASIENTO PRINCIPAL -- NOMBRE PERSONAL
Término de relación Twain, Mark
240 ## - TITULO UNIFORME
Título uniforme The adventures
Medio (Designación general de material) español
245 #4 - MENCIÓN DE TITULO
Título Las aventuras de Tom Sawyer /
Subtítulo Mark Twain ; prólogo Rosa Regás ; traducción J. Torroba
260 ## - PUBLICACIÓN, DISTRIBUCIÓN, ETC. (PIE DE IMPRENTA)
Lugar de publicación, distribución, etc Madrid :
Nombre del editor, distribuidor, etc. Millenium
Fecha de publicación, distribución, etc 1999
300 ## - DESCRIPCIÓN FÍSICA
Extensión 189 p. ;
Otros detalles físicos 21 cm.
490 ## - MENCIÓN DE SERIES
Mención de serie Las 100 joyas del milenio
Volume/sequential designation 33
700 ## - ASIENTO SECUNDARIO -- NOMBRE PERSONAL
Término de relación Regás, Rosa
Nombre personal pról.
700 ## - ASIENTO SECUNDARIO -- NOMBRE PERSONAL
Término de relación Torroba, J.
Nombre personal tr.
830 ## - ASIENTO SECUNDARIO DE SERIE--TÍTULO UNIFORME
Nombre de la parte o sección de una obra Las 100 joyas del milenio
Volume number/sequential designation 33
942 ## - ADDED ENTRY ELEMENTS (KOHA)
Source of classification or shelving scheme Dewey Decimal Classification
Koha item type Libros
945 ## - INFORMACIÓN DE PROCESAMIENTO LOCAL
Información de procesamiento local Inventariado, 2017 / YL
956 ## - LOCAL ELECTRONIC LOCATION AND ACCESS (OCLC)
Nombre de host YLOCKWARD
Número de acceso 10
Información de compresión 20171212
Trayectoria BPMSU
956 ## - LOCAL ELECTRONIC LOCATION AND ACCESS (OCLC)
Nombre de host VMATEO
Número de acceso 10
Información de compresión 20150226
Inicio de sesión BND01
Procesador de solicitud 00151
Existencias
Withdrawn status Lost status Source of classification or shelving scheme Damaged status Not for loan Collection code Home library Current library Date acquired Total Checkouts Barcode Date last seen Price effective from Koha item type
    Dewey Decimal Classification     Colección Juvenil General Biblioteca Pública Metropolitana Salomé Ureña Biblioteca Pública Metropolitana Salomé Ureña 02/26/2015   BPMSU15040194 02/26/2015 02/26/2015 Libros